Les 5 pays les moins peuplée par continent - Statistiques

Statistiques générales
  • Ce quiz a été pris 89 fois
  • Le résultat moyen est 18 sur 30
Statistiques - réponses
Hint Réponse % Correct
32 380 Saint-Marin
99%
921 Vatican
99%
37 550 Monaco
95%
71 732 Andorre
93%
36 842 Liechtenstein
91%
10 782 Tuvalu
72%
11 359 Nauru
71%
21 186 Palaos
71%
102 918 Saint-Vincent-et-les-Grenadines
71%
110 152 Grenade
70%
393 595 Maldives
66%
422 675 Brunei
65%
538 535 Cap-Vert
64%
91 650 Seychelles
64%
91 295 Antigua-et-Barbuda
63%
190 458 Sao Tomé-et-Principe
63%
73 449 Dominique
60%
573 311 Suriname
59%
1 201 542 Timor oriental
58%
735 554 Guyana
57%
1 314 089 Bahreïn
56%
733 643 Bhoutan
53%
3 332 972 Uruguay
51%
6 703 902 Paraguay
50%
10 800 882 Bolivie
47%
907 127 Djibouti
38%
51 538 Saint-Christophe-et-Niévès
27%
1 162 Niue
23%
14 975 îles Cook
21%
554 795 Sahara Occidental
14%
Aucun quiz correspondant
Distribution des résultats
% des personnes avec chaque résultat
Percentile par nombre de réponses
Votre historique - résultats
Vous n’avez pas pris ce quiz